| 000 | 00000nas 2200000za 4500 |
| 001 | 9.501680 |
| 003 | CaOODSP |
| 005 | 20230413132922 |
| 007 | cr ||||||||||| |
| 008 | 150406d20072009xxc|| p o||||f| |0fre|d |
| 040 | |aCaOODSP|bfre |
| 043 | |an-cn--- |
| 086 | 1 |aIu85-5/3F-PDF |
| 110 | 1 |aCanada.|bIndustrie Canada. |bCommission canadienne du tourisme, |eauteur, |eorganisme de publication. |
| 245 | 10|aRapport trimestriel sur le marché - France |h[ressource électronique] |
| 260 | |aVancouver - Colombie Britannique : |bIndustrie Canada. |
| 310 | |aTrimestriel |
| 362 | 1 |aParaît depuis janvier à mars 2007; ne paraît plus après Q3 [i.e. T3], 2009. |
| 775 | 08|tQuarterly market report - France |w(CaOODSP)9.505279 |